00710 2200181 4500245005400000020002200054250001100076100002300087700000900110650002000119005001900139260003100158041001400189084000800203300002300211500028500234336000900519 aCinta di Batas BiarritzcD. S. M. DedelidaehText a978-602-255-802-6 aCet. 1 aD. S. M. Dedelidae aDiaz aNovel Indonesia a20231004093319 aYogyakartabde Teensc2015 aIndonesia a813 a272 hlm. :c19 cm. aArlan sangat menyukai selancar. Bahkan dia lebih mementingkan hobinya ketimbang Mori, hingga gadisnya itu merasa diduakan. Dengan hobi yang ditekuninya, otomatis Arlan terbiasa menantang ombak-ombak besar. Namun, kali ini dia tidak beruntung dan tenggelam, tak diketahui nasibnya. atext